Literatura Latinoamericana Mundial : Dispositivos y Disidencias.

The book series "Latin American Literatures of the World" presents an innovative understanding of literatures written in Latin America and the Caribbean. Informed by current perspectives on world literary studies and cultural theory, it focuses on works that deal with the multiple global c...

Full description

Bibliographic Details
Main Author: Guerrero, Gustavo.
Other Authors: Locane, Jorge J., Loy, Benjamin., Müller, Gesine.
Format: eBook
Language:Spanish
Published: Berlin/Boston : Walter de Gruyter GmbH, 2020.
Edition:1st ed.
Series:Latin American Literatures in the World / Literaturas Latinoamericanas en el Mundo Series
Subjects:
Online Access:Click to View
LEADER 04146nam a22004333i 4500
001 EBC6209780
003 MiAaPQ
005 20231204023214.0
006 m o d |
007 cr cnu||||||||
008 231204s2020 xx o ||||0 spa d
020 |a 9783110673678  |q (electronic bk.) 
035 |a (MiAaPQ)EBC6209780 
035 |a (Au-PeEL)EBL6209780 
035 |a (OCoLC)1138497873 
040 |a MiAaPQ  |b eng  |e rda  |e pn  |c MiAaPQ  |d MiAaPQ 
100 1 |a Guerrero, Gustavo. 
245 1 0 |a Literatura Latinoamericana Mundial :  |b Dispositivos y Disidencias. 
250 |a 1st ed. 
264 1 |a Berlin/Boston :  |b Walter de Gruyter GmbH,  |c 2020. 
264 4 |c ©2020. 
300 |a 1 online resource (330 pages) 
336 |a text  |b txt  |2 rdacontent 
337 |a computer  |b c  |2 rdamedia 
338 |a online resource  |b cr  |2 rdacarrier 
490 1 |a Latin American Literatures in the World / Literaturas Latinoamericanas en el Mundo Series ;  |v v.5 
505 0 |a Intro -- Contenidos -- A modo de introducción. Literatura latinoamericana: inflexiones de un término -- 1. Gatekeepers -- Gatekeeping and the Conceptualization of World Literature in the Publishing Industry. The Case of Siegfried Unseld and Octavio Paz -- Premios porteros. La función del Premio Biblioteca Breve con base en números -- Ascenso y ocaso de una marca: la literatura hispanoamericana en Holanda -- José Lezama Lima en Francia: apuntes sobre la mediación editorial, la traducción y la recepción de Paradiso -- Feminismo y literatura (argentina) mundial: Selva Almada, Mariana Enríquez y Samanta Schweblin -- Literary Diversity through Translation: The Role of Independent Cultural Mediators in the Selection of Cuban Literature in Norway -- 2. Traducción -- El Aleph de Roger Caillois en Gallimard o de cómo salir del laberinto -- Gabriel García Márquez traducido: observaciones sobre la variación -- Traitors or Traders? A Brief Analysis of Chinese Translations of Latin American Boom Writers -- "Tante cose venivano pubblicate ma hanno dovuto aspettare un altro momento": la literatura latinoamericana y sus re-traducciones -- ¿Escritos en la traducción y para la traducción? Dos ejemplos: Valeria Luiselli y Mario Bellatin -- Anthropology over Aesthetics: On the Poetics of Movement and Multilingualism in Three Translations of Yuri Herrera's Señales que precederán al fin del mundo -- Glotopolíticas literarias entre resistencia y mercado: Bolaño en traducción, la traducción en Bolaño -- 3. Literaturas locales -- Cosmopolitismo copyleft. Tumbona Ediciones, autonomía y localidad -- ¿Cuanto más marginal, más central? - La escritura de Rita Indiana -- Audiometrías contemporáneas. La escucha como modo de circulación en la poesía argentina actual -- "Los últimos centímetros de un lápiz de grafito". Mercado, (neo)autonomía y la 'operación Mike Wilson'. 
505 8 |a Autores. 
520 |a The book series "Latin American Literatures of the World" presents an innovative understanding of literatures written in Latin America and the Caribbean. Informed by current perspectives on world literary studies and cultural theory, it focuses on works that deal with the multiple global connections of Latin American literatures. This comprises determined aesthetics and forms of writing, as well as book-market-related phenomena. 
588 |a Description based on publisher supplied metadata and other sources. 
590 |a Electronic reproduction. Ann Arbor, Michigan : ProQuest Ebook Central, 2023. Available via World Wide Web. Access may be limited to ProQuest Ebook Central affiliated libraries.  
655 4 |a Electronic books. 
700 1 |a Locane, Jorge J. 
700 1 |a Loy, Benjamin. 
700 1 |a Müller, Gesine. 
776 0 8 |i Print version:  |a Guerrero, Gustavo  |t Literatura Latinoamericana Mundial  |d Berlin/Boston : Walter de Gruyter GmbH,c2020 
797 2 |a ProQuest (Firm) 
830 0 |a Latin American Literatures in the World / Literaturas Latinoamericanas en el Mundo Series 
856 4 0 |u https://ebookcentral.proquest.com/lib/matrademy/detail.action?docID=6209780  |z Click to View